000
00293nam a22001337a 4500
008
171227b xxu||||| |||| 00| 0 eng d
020
_a
9781319004699
041
_a
eng
080
_a
37
100
_a
46
101
_a
EDU
245
_a
HOW TO WRITE ANYTHING
_c
JOHN.J.R
942
_2
udc
_c
BK
999
_c
39429
_d
39429